La Misná

Tallennettuna:
Bibliografiset tiedot
Päätekijä: Valle, Carlos del (Tekijä)
Aineistotyyppi: Kirja
Kieli:espanja
Julkaistu: Salamanca Ediciones Sígueme 2003
Painos:2a. ed
Sarja:Biblioteca de Estudios Bíblicos, 98
Aiheet:
Tagit: Lisää tagi
Ei tageja, Lisää ensimmäinen tagi!

MARC

LEADER 00000cam a2200000 a 4500
001 UCE1478
003 CL-VaPUC
008 140414e20030000sp |||||||||||||||||spa|d
020 |a 8430113428 
082 0 4 |a 296.12  |b VAL  |2 21 
100 0 |a Valle, Carlos del  |e author  |9 573812 
245 1 3 |a La Misná 
250 |a 2a. ed 
300 |a 1525 p 
942 |c BK 
945 |d 20140414  |a dcastane 
260 |a Salamanca  |b Ediciones Sígueme  |c 2003 
650 0 |a Judaísmo  |9 269348 
650 7 |a MISHNA  |2 CL-VaPUC  |9 483084 
650 7 |a HALAJA  |2 CL-VaPUC  |9 483082 
650 0 |a Agada  |9 483888 
650 7 |a GUEMARA  |2 CL-VaPUC  |9 483085 
650 7 |a RELIGION JUDIA  |2 CL-VaPUC  |9 434400 
583 |a last modification  |c 20140424 12:39:28  |k Rodrigo Vera 
490 0 |a Biblioteca de Estudios Bíblicos, 98 
999 |c 355257  |d 355255 
952 |0 0  |1 0  |3 erb  |4 0  |6 296_120000000000000_VAL_2003  |7 0  |8 DER_HDC  |9 461839  |a BIBDER  |b BIBDER  |i 5067812  |l 1  |o 296.12 VAL 2003  |p 5067812  |r 2023-03-17  |s 2023-03-08  |w 2019-11-23  |x Ubicación 4to Piso  |y BK  |z Estos recursos deben solicitarse con anticipación  |k DER